000 00293nam a22001337a 4500
008 170921b xxu||||| |||| 00| 0 eng d
020 _a9780764550096
041 _aeng
080 _a78
100 _a45
101 _aMUZ
245 _aCLASSICAL MUSIC FOR DUMMIES
_cPOGUE,D
942 _2udc
_cBK
999 _c28721
_d28721